000
00253 a2200097 4500
001
52169
100
_a
Mukherjee S
245
_a
Boundary Element Methods in Creep and Fracture
260
_a
London
_b
Applied Science Publishers
_c
090
_c
32832
_d
32832
942
_a
NUST-CAE
_c
M
_c
25372
999
_c
287242
_d
287242